Streets of Christchurch Quiz Stats

 Plays Quiz not verified by Sporcle

Challenge
Share
Tweet
Embed
Score 0/20 Timer 05:00
0 Plays Today
% Correct
victoria st
77.3%
anzac dr
77.3%
ferry rd
77.3%
cashmere rd
77.3%
the esplanade
72.7%
main north rd
72.7%
riccarton ave
68.2%
madras st
68.2%
orchard rd
63.6%
johns rd
63.6%
% Correct
avonside dr
63.6%
armagh st
59.1%
moorhouse ave
59.1%
clarence st
40.9%
seabreeze close
40.9%
chester st
36.4%
manchester st
31.8%
lyttleton rd
22.7%
rawhiti st
13.6%
hagley ave
13.6%

You're not logged in!

Compare scores with friends on all Sporcle quizzes.
OR
Log In

You Might Also Like...

Show Comments

Extras

Created Sep 14, 2013ReportNominate
Tags:christchurch, New Zealand

Top Quizzes Today


Score Distribution

Your Account Isn't Verified!

In order to create a playlist on Sporcle, you need to verify the email address you used during registration. Go to your Sporcle Settings to finish the process.

Report this User

Report this user for behavior that violates our Community Guidelines.

Details: